| 000 | 00616nam a22001817a 4500 | ||
|---|---|---|---|
| 999 |
_c176415 _d176415 |
||
| 005 | 20201222121739.0 | ||
| 010 | _aENG-128701 | ||
| 020 |
_a978-0-19-948817-9 _c550.00 |
||
| 035 | _aEN-112233 | ||
| 037 | _bDBAD/PUB | ||
| 082 | _a954.8204 | ||
| 100 | _aNarayan, S | ||
| 245 |
_aThe Dravidian Years: Politics, and Welfare in Tamil Nadu/ _bS. Narayan |
||
| 260 |
_aNew Delhi _bOxford University Press _c2018 |
||
| 270 |
_bNew Delhi _e110002 _a2/11, Ground Floor, Ansari Road, Daryaganj |
||
| 300 |
_axxiii+262p. _c22cm(hbk) _bIncluding bibliographical refernces. |
||
| 942 |
_2ddc _cEN _h954.8204 _mNAR |
||